000 00485nam a22001937a 4500
003 OSt
005 20250801152814.0
008 240723b |||||||| |||| 00| 0 eng d
020 _a81-264-0752-2
040 _c.
082 _a398.2 DIL/NA
100 _aDileep Kumar, K.P.
245 _aNadodi kaivela = നാടോടികൈവേല
260 _aKottayam
_bDC books
_c2008
300 _a142
500 _anatarivukal
700 _aDhileep Kumar, K.P.
942 _cBK
_2ddc
999 _c298089
_d298089